Process Control Instrumentation Technology /

Contiene: Introducción al proceso de control; Condicionantes para la señal analógica, condicionantes para la señal digital; Sensores termales; Sensores mecánicos; Sensores ópticos; Control final; Proceso de control de estados discretos; Principios de control; Controladores analógicos; Control digita...

Ausführliche Beschreibung

Gespeichert in:
Bibliographische Detailangaben
1. Verfasser: Johnson, Curtis D. (autor)
Format: Buch
Sprache:Englisch
Veröffentlicht: Nueva York, EUA : Wiley, 1988, c1988
Ausgabe:3a edición
Schlagworte:
Tags: Tag hinzufügen
Keine Tags, Fügen Sie das erste Tag hinzu!

MARC

LEADER 00000nam^a2200000^a^4500
001 000151107
005 20250521000000.0
009 20260310100200.471
020 |a 0-471-63734-3 
037 |a Acervo ITESO - Biblioteca 
041 |a ING 
082 |a 629. 831  |b JOH 
100 |a Johnson, Curtis D.  |e (autor) 
245 1 0 |a Process Control Instrumentation Technology /  |c C.D. Johnson. 
250 |a 3a edición 
264 4 |a Nueva York, EUA :  |b Wiley,  |c 1988, c1988 
300 |a XV, 573 p. 
336 |a texto  |b txt  |2 rdacontenido 
337 |a sin mediación  |b n  |2 rdamedio 
338 |a volumen  |b nc  |2 rdasoporte 
520 |a Contiene: Introducción al proceso de control; Condicionantes para la señal analógica, condicionantes para la señal digital; Sensores termales; Sensores mecánicos; Sensores ópticos; Control final; Proceso de control de estados discretos; Principios de control; Controladores analógicos; Control digital. 
649 |a XX 
650 |a Control de Procesos 
650 |a Sistemas de Control Digital 
650 |a Sensores Opticos 
650 |a Sensores Térmicos 
650 |a Circuitos Electrónicos 
650 |a Control Remoto 
650 |a Control Automático 
650 |a Ingeniería -  |x Equipo y Aparatos 
910 |a Fondo General 
920 |a Impresos - Libros 
930 |a Colección General 
905 |a 101 
901 |a 0500080260  |b IT1  |c ACC  |u 20250521 
902 |a https://opac.biblio.iteso.mx/vufind/Record/000151107